| 000 | 00591nam a2200181 4500 | ||
|---|---|---|---|
| 001 | 148260 | ||
| 003 | ES-MaACL | ||
| 005 | 20231230063009.0 | ||
| 007 | t| | ||
| 008 | 070214s1943 sp r ||||1| spa d | ||
| 100 | 1 |
_aStarkie, Walter, _d1894-1976 _9107933 |
|
| 245 | 1 | 3 |
_aLa España de Cisneros / _cWalter Starkie ; versión castellana de la obra inglesa por Alberto de Mestas. |
| 260 |
_aBarcelona : _bEd. Juventud, _c1943. |
||
| 300 |
_a516 p., 1 lám. ; _c23 cm. |
||
| 700 | 1 |
_aMestas, Alberto de. _980692 |
|
| 852 |
_aES-MaACL _jF-15557 _bR.19843 |
||
| 999 |
_c148260 _d148260 |
||